Der zusammengesetzte Satz bei Nicolaus von Basel. (Record no. 23998)
[ view plain ]
| 000 -LEADER | |
|---|---|
| fixed length control field | 00786cam a22002411 4500 |
| 001 - CONTROL NUMBER | |
| control field | g 01002500 |
| 003 - CONTROL NUMBER IDENTIFIER | |
| control field | DLC |
| 005 - DATE AND TIME OF LATEST TRANSACTION | |
| control field | 20260227111258.0 |
| 008 - FIXED-LENGTH DATA ELEMENTS--GENERAL INFORMATION | |
| fixed length control field | 801008s1889 gw 000 0 ger |
| 010 ## - LIBRARY OF CONGRESS CONTROL NUMBER | |
| LC control number | g 01002500 |
| 035 ## - SYSTEM CONTROL NUMBER | |
| System control number | (OCoLC)6800407 |
| 040 ## - CATALOGING SOURCE | |
| Original cataloging agency | DLC |
| Transcribing agency | DGU |
| Modifying agency | DGU |
| -- | DLC |
| 042 ## - AUTHENTICATION CODE | |
| Authentication code | premarc |
| 050 00 - LIBRARY OF CONGRESS CALL NUMBER | |
| Classification number | PF4231.G6 |
| Item number | C7 |
| 100 1# - MAIN ENTRY--PERSONAL NAME | |
| Personal name | Cordes, Werner, |
| Dates associated with a name | 1863- |
| 245 14 - TITLE STATEMENT | |
| Title | Der zusammengesetzte Satz bei Nicolaus von Basel. |
| Statement of responsibility, etc. | Von Dr. Werner Cordes. |
| 260 ## - PUBLICATION, DISTRIBUTION, ETC. | |
| Place of publication, distribution, etc. | Leipzig, |
| Name of publisher, distributor, etc. | G. Fock, |
| Date of publication, distribution, etc. | 1889. |
| 300 ## - PHYSICAL DESCRIPTION | |
| Extent | xi, 236 p. |
| Dimensions | 23 cm. |
| 500 ## - GENERAL NOTE | |
| General note | Published in part as the author's inaugural dissertation, Hamburg, 1888. |
| 630 00 - SUBJECT ADDED ENTRY--UNIFORM TITLE | |
| Uniform title | Gottesfreund in Oberland. |
| 600 00 - SUBJECT ADDED ENTRY--PERSONAL NAME | |
| Personal name | Nikolaus von Basel, |
| Dates associated with a name | active 14th century. |
| 650 #0 - SUBJECT ADDED ENTRY--TOPICAL TERM | |
| Topical term or geographic name entry element | German language |
| Chronological subdivision | Middle High German, 1050-1500. |
No items available.